The Kerala panchayat manual containing the Kerala panchayats act, 1960 with rules, notification & case-law as amended upto September 1976 (Record no. 44983)

MARC details
000 -LEADER
fixed length control field 00388nam a2200109Ia 4500
082 ## - DEWEY DECIMAL CLASSIFICATION NUMBER
Classification number 352(548.3)
Item number MAT
100 ## - MAIN ENTRY--AUTHOR NAME
Personal name Mathew, Siby
245 #4 - TITLE STATEMENT
Title The Kerala panchayat manual containing the Kerala panchayats act, 1960 with rules, notification & case-law as amended upto September 1976
260 ## - PUBLICATION, DISTRIBUTION, ETC. (IMPRINT)
Place of publication Cochin
Name of publisher Law Times Press
Year of publication 1976
942 ## - ADDED ENTRY ELEMENTS (KOHA)
Koha item type Books
Holdings
Withdrawn status Lost status Damaged status Not for loan Collection code Home library Current library Date acquired Cost, normal purchase price Full call number Accession Number Koha item type
        Out of station RRII Library RRII Library 16/12/2021 25.00 352(548.3) MAT Z00047 Books